| 000 | 02240nam a2200313 i 4500 | ||
|---|---|---|---|
| 003 | DO-SdBNP | ||
| 005 | 20250811073846.0 | ||
| 007 | ta | ||
| 008 | 250811t2025 dr 000 0 spa d | ||
| 020 | _z9789945952032 | ||
| 040 |
_aDO-SdBNP _bspa _cBNPHU _erda |
||
| 041 | _aspa | ||
| 082 |
_axxxx _bO49 _222 |
||
| 100 | 1 |
_aOlivo Peña, Gustavo _d1958- _eautor _4aut. _973547 |
|
| 245 | 1 | 0 |
_aDesde un costado de la (des) memoria / _cGustavo Olivo Peña ; presentación, Rafael Peralta Romero |
| 250 | _aPrimera edición | ||
| 264 |
_aSanto Domingo : _bRío de Oro Editores, _c2025. |
||
| 300 |
_a93 páginas _c22 cm. |
||
| 336 |
_atexto _btxt _2rdacontent |
||
| 337 |
_asin mediación _bn _2rdamedia |
||
| 338 |
_avolumen _bnc _2rdacarrier |
||
| 490 | 1 | _aLogos | |
| 500 | _aIncluye datos biográficos del autor en la solapa de la cubierta. | ||
| 520 | _aJueces, maestros, policías, militares de pistola y fusta, muertos vivos, engendros de la noche y reflexivos homicidas habitan estas páginas… Una implacable vitrina variopinta de ejemplares cercados por sus circunstancias, siempre al borde del desbarrancadero de lo humano, encarnando pasiones, dolores, añoranzas, indecibles crueldades o altruismos, viviendo, en fin, respirando, amando y muriendo en buena lid bajo el mágico hechizo que nos depara la ficción… Como un discreto y detallista orfebre, Olivo ha ido poblando su mundo literario con historias y seres que pugnan por entrar a un imaginario más vasto, tornándose metáforas de elevado nivel. Un juez ya no es un juez, sino la «justicia», un asesino es un espejo, un artista, un abismo… Nada desdeña Olivo, ni se encasilla en fronteras genéricas. Con la misma soltura transita del texto clásico y realista a la nota folclórica, la crónica popular y el mito, construyendo una obra que empieza a dialogar con las mejores tradiciones del cuento latinoamericano. Amenos, conmovedores, impactantes, estos relatos concebidos «desde un costado de la des(memoria)» nos mirarán de frente, grabándose en el alma. Muchos no podrán sostener la mirada. | ||
| 590 | _aInventariado, 2025/ YL | ||
| 700 | 1 |
_aPeralta Romero, Rafael, _d1948- _epresentación _4pre. _979774 |
|
| 910 | _aYLockward | ||
| 942 |
_2ddc _cLBS1 |
||
| 999 |
_c59749 _d59749 |
||